Thành ngữ thực hành (Cách dùng cụm động từ trong các tình huống hàng ngày) = Practical Idioms (Using Phrasal verbs in everyday contexts over 1000 useful Idioms /
Đã lưu trong:
| 主要作者: | |
|---|---|
| 其他作者: | |
| 格式: | Sách giấy |
| 語言: | Vietnamese |
| 出版: |
TP.HCM :
Nxb. TP.HCM ,
1993.
|
| 主題: | |
| 標簽: |
添加標簽
沒有標簽, 成為第一個標記此記錄!
|
| Thư viện lưu trữ: | Thư viện Trường Đại học Đà Lạt |
|---|
| LEADER | 00825nam a2200277 4500 | ||
|---|---|---|---|
| 001 | DLU020011699 | ||
| 005 | ##20000517 | ||
| 020 | # | # | |a 978- |
| 041 | # | # | |a vie |
| 082 | # | # | |a 428.2 |b BE-L |
| 100 | # | # | |a Ninh Hùng. |
| 245 | # | # | |a Thành ngữ thực hành (Cách dùng cụm động từ trong các tình huống hàng ngày) = |b Practical Idioms (Using Phrasal verbs in everyday contexts over 1000 useful Idioms / |c Ninh Hùng, Berman Louis A., Kirstein Laurette |
| 260 | # | # | |a TP.HCM : |b Nxb. TP.HCM , |c 1993. |
| 300 | # | # | |a 352 tr.; |c 21 cm. |
| 653 | # | # | |a Cụm động từ |
| 653 | # | # | |a Tiếng Anh |
| 700 | # | # | |a Kirstein, Laurette. |
| 992 | # | # | |a 18000 |
| 994 | # | # | |a DLU |
| 900 | # | # | |a False |
| 911 | # | # | |a Administrator |
| 925 | # | # | |a G |
| 926 | # | # | |a A |
| 927 | # | # | |a SH |
| 980 | # | # | |a Thư viện Trường Đại học Đà Lạt |